00743nam a2200145Ia 4500008004100000050001800041245011300059260004400172300002600216500008100242650005500323700010700378952009500485999001700580120721s9999 xx 000 0 und d aHM61 O69 2002 aOrígenes del universo / Marcos Moshinsky...[et al.] ; comp. Francisco G. Bolívar Zapata, Pablo Rudomín aMéxico : El Colegio Nacional, [2002?] a111 p. : il. ; 19 cm. aUna visión integradora : universo, vida, hombre y sociedad. - - Módulo 1 a1. Sociología - Discursos, ensayos, conferencias aI. Moshinsky, Marcos, coaut. II. Bolívar Zapata, Francisco G., comp. III. Rudomín, Pablo, comp.Ì 00104070a08b08d2010-09-07l0oHM61 O69 2002p08 003731r2012-07-20t1w2012-07-20yLB c82785d82785